<?xml version="1.0" encoding="UTF-8"?><?xml-stylesheet type="text/xsl" href="static/style.xsl"?><OAI-PMH xmlns="http://www.openarchives.org/OAI/2.0/" xmlns:xsi="http://www.w3.org/2001/XMLSchema-instance" xsi:schemaLocation="http://www.openarchives.org/OAI/2.0/ http://www.openarchives.org/OAI/2.0/OAI-PMH.xsd"><responseDate>2026-04-27T20:20:30Z</responseDate><request verb="GetRecord" identifier="oai:uvadoc.uva.es:10324/48897" metadataPrefix="marc">https://uvadoc.uva.es/oai/request</request><GetRecord><record><header><identifier>oai:uvadoc.uva.es:10324/48897</identifier><datestamp>2021-10-05T11:01:44Z</datestamp><setSpec>com_10324_150</setSpec><setSpec>col_10324_696</setSpec></header><metadata><record xmlns="http://www.loc.gov/MARC21/slim" xmlns:doc="http://www.lyncode.com/xoai" xmlns:xsi="http://www.w3.org/2001/XMLSchema-instance" xmlns:dcterms="http://purl.org/dc/terms/" xsi:schemaLocation="http://www.loc.gov/MARC21/slim http://www.loc.gov/standards/marcxml/schema/MARC21slim.xsd">
<leader>00925njm 22002777a 4500</leader>
<datafield tag="042" ind1=" " ind2=" ">
<subfield code="a">dc</subfield>
</datafield>
<datafield tag="720" ind1=" " ind2=" ">
<subfield code="a">Las Torres, Cristobal de Moscoso y Montemayor , Conde de</subfield>
<subfield code="e">author</subfield>
</datafield>
<datafield tag="024" ind2=" " ind1="8">
<subfield code="a">https://uvadoc.uva.es/handle/10324/48897</subfield>
</datafield>
<datafield tag="024" ind2=" " ind1="8">
<subfield code="a">U/Bc 12836 (17)</subfield>
</datafield>
<datafield ind1=" " ind2=" " tag="653">
<subfield code="a">Jurisdicción</subfield>
</datafield>
<datafield tag="245" ind1="0" ind2="0">
<subfield code="a">Representacion que haze a su Magestad el Conde de las Torres, Marques de Cullera, Señor de la Albufera, gentil-hombre de Camara de su Magestad, Capitan General de sus exercitos, Virrey, Governador, y Capitan General del Reyno de Navarra ..</subfield>
</datafield>
</record></metadata></record></GetRecord></OAI-PMH>